[Event "Hessen-ch op-B"]
[Site "Frankfurt Sossenheim"]
[Date "2015.??.??"]
[Round "6"]
[White "Nesse, David"]
[Black "Sciurti, Carmine"]
[Result "1-0"]
[WhiteElo "1553"]
[BlackElo "1233"]
[PlyCount "87"]
[EventDate "2015.05.13"]
[EventType "swiss"]
[EventRounds "7"]
[EventCountry "GER"]
[SourceTitle "EXT 2016"]
[Source "ChessBase"]
[SourceDate "2015.10.08"]
[SourceVersion "1"]
[SourceVersionDate "2015.10.08"]
[SourceQuality "1"]

1. e4 c5 2. Nc3 Nc6 3. Bb5 e5 4. Bxc6 bxc6 5. d3 d6 6. Nge2 g6 7. 0-0 Bg7 8. f4 exf4 9. Bxf4 Nf6 10. Bg5 0-0 11. Qe1 h6 12. Bh4 g5 13. Bg3 Ng4 14. Qd2 Rb8 15. b3 Ra8 16. d4 cxd4 17. Nxd4 Qb6 18. Rad1 Be5 19. Kh1 Bxg3 20. hxg3 Ba6 21. Rf5 Bc8 22. Rf3 Be6 23. Nxe6 fxe6 24. Rxf8+ Rxf8 25. Qxd6 Nf2+ 26. Kh2 Nxd1 27. Qxe6+ Kg7 28. Qe7+ Rf7 29. Qe5+ Kf8 30. Qd6+ Ke8 31. Qe6+ Re7 32. Qc8+ Qd8 33. Qxc6+ Qd7 34. Qg6+ Kd8 35. Nd5 Re6 36. Qf5 Qe8 37. Nf6 Qf7 38. Qd5+ Ke7 39. e5 Ne3 40. Qc5+ Kd8 41. Qxe3 Rxf6 42. Qd4+ Ke8 43. exf6 Qh5+ 44. Kg1 1-0

[Event "Hessen-ch op-B"]
[Site "Frankfurt Sossenheim"]
[Date "2015.??.??"]
[Round "5"]
[White "Sciurti, Carmine"]
[Black "Bennewitz, Ralph"]
[Result "0-1"]
[WhiteElo "1233"]
[BlackElo "1924"]
[PlyCount "58"]
[EventDate "2015.05.13"]
[EventType "swiss"]
[EventRounds "7"]
[EventCountry "GER"]
[SourceTitle "EXT 2016"]
[Source "ChessBase"]
[SourceDate "2015.10.08"]
[SourceVersion "1"]
[SourceVersionDate "2015.10.08"]
[SourceQuality "1"]

1. d4 Nf6 2. Bf4 e6 3. e3 d5 4. Nd2 Be7 5. Bd3 Nbd7 6. Ngf3 0-0 7. Ne5 c5 8. c3 Qb6 9. Rb1 Nxe5 10. dxe5 Nd7 11. h4 f6 12. Nf3 c4 13. Bc2 Qd8 14. a3 Qe8 15. g4 Qf7 16. Rh2 fxe5 17. Nxe5 Nxe5 18. Bxe5 Bf6 19. Qd4 Bd8 20. Bd6 Re8 21. h5 e5 22. Bxe5 Rxe5 23. Qxe5 Bc7 24. Qg5 Bxh2 25. f4 Bd7 26. Qh4 Bxf4 27. exf4 Qxf4 28. Qf2 Qxg4 29. Bd1 Qe4+ 0-1

[Event "Karl Mala Memorial op-B 17th"]
[Site "Frankfurt"]
[Date "2014.07.31"]
[Round "1"]
[White "Dittrich, Hans Georg"]
[Black "Sciurti, Carmine"]
[Result "1-0"]
[WhiteElo "1728"]
[BlackElo "1357"]
[PlyCount "57"]
[EventDate "2014.07.31"]
[EventType "swiss"]
[EventRounds "7"]
[EventCountry "GER"]
[SourceTitle "EXT 2015"]
[Source "ChessBase"]
[SourceDate "2014.11.20"]
[SourceVersion "1"]
[SourceVersionDate "2014.11.20"]
[SourceQuality "1"]

1. d4 d5 2. g3 Nf6 3. Bg2 e6 4. e3 Nbd7 5. Ne2 Bd6 6. 0-0 0-0 7. b3 b6 8. a4 c5 9. Ba3 Ba6 10. Nbc3 Qc7 11. Nb5 Bxb5 12. axb5 a6 13. bxa6 Rxa6 14. Nc3 Qc6 15. Qd3 Rfa8 16. Bb2 c4 17. bxc4 Qxc4 18. Qxc4 dxc4 19. Bxa8 Rxa1 20. Rxa1 e5 21. Nb5 Bb8 22. Bc6 Nf8 23. Ra8 Bc7 24. Nxc7 exd4 25. exd4 g6 26. Ba3 Kg7 27. Bxf8+ Kg8 28. Be7+ Kg7 29. Bxf6+ 1-0